Novelizovaný zákon o cestnej premávke s aktualizovanými správami s vykonávacou vyhláškou (s farebnými značkami) v úplnom znení

Bibliographic Details
Corporate Author: Slovensko (Author)
Format: Book
Language:Slovak
PhysicalDescription:[272] s. obr., tab. 21 cm
Published: Bratislava Miroslav Mračko, EPOS 2012
ISBN:9788080579838 (brož.)
Series:Novelizované zákony s dôvodovými správami v úplnom znení
Subjects:

MARC

LEADER 00000nam a22000005a 4500
001 vtls010516935
003 SK-MaSNL
005 20260425233653.0
008 190927s2012 xo a l 000 0 slo
015 |a SNBI2013 
020 |a 9788080579838 (brož.) 
035 |a E18D96AF-A926-406D-8836-613B369504AC 
035 |a urn:nbn:sk:snk-amlco5 
035 |a urn:nbn:sk:snk-am0091hm 
040 |a SNK  |b slo  |c SNK  |e AACR2 
041 0 |a slo 
043 |a e-xo--- 
044 |a xo  |c SK 
072 7 |a 656.1/.5  |x Pozemná doprava  |2 konspekt 
080 |a 656.1.051  |2 2001 
080 |a 340.133  |2 2001 
080 |a 351.811.122  |2 2001 
080 |a (437.6)  |2 2001 
080 |a (094.5)  |2 2001 
080 |a (094.58)  |2 2001 
110 1 |a Slovensko  |4 aut  |9 266955 
240 1 0 |a Zákon o cestnej premávke (2009, novela 2012) 
245 1 0 |a Novelizovaný zákon o cestnej premávke s aktualizovanými správami s vykonávacou vyhláškou (s farebnými značkami) v úplnom znení 
260 |a Bratislava  |b Miroslav Mračko, EPOS  |c 2012 
300 |a [272] s.  |b obr., tab.  |c 21 cm 
490 1 |a Novelizované zákony s dôvodovými správami v úplnom znení 
500 |a Špecializovaná edícia neperiodických publikácií ; predpisy pre podnikateľskú sféru ; ročník 2012 
650 0 7 |a Traffic regulations  |2 SNKPHeng  |9 287359 
650 0 7 |a pravidlá cestnej premávky  |2 SNKPH  |9 67981 
651 7 |a Slovensko  |2 SNKPH  |9 14231 
651 7 |a Slovakia  |2 SNKPHeng  |9 92630 
655 7 |a zákony  |2 SNKPH  |9 70186 
655 7 |a vyhlášky  |2 SNKPH  |9 70671 
655 7 |a Laws  |2 SNKPHeng  |9 266957 
655 7 |a Promulgations  |2 SNKPHeng  |9 292513 
740 0 2 |a Vyhláška č. 9/2009 Z.z. Ministerstva vnútra Slovenskej republiky, ktorou sa vykonáva zákon o cestnej premávke a o zmene a doplnení niektorých zákonov 
830 0 |a Novelizované zákony s dôvodovými správami v úplnom znení  |9 293588 
919 |a 978-80-8057-983-8 
999 |c 772453  |d 774383 
952 |a SNK  |b SNK  |y NEVYP  |7 1  |p 17A1071950  |o snkSC 154729  |i snk2013/12783  |8 0  |0 0  |1 0  |4 0  |d 2013-06-05  |f 1  |l 0  |r 2025-07-24 00:00:00  |w 2026-02-24 
952 |a SNK  |b SNK  |y VYP  |7 0  |p 17A1071949  |o snkSC 154729 D1  |i snk2013/12784  |8 0  |0 0  |1 0  |4 0  |d 2013-06-05  |l 0  |r 2026-02-24 00:39:16  |w 2026-02-24